000 00229nam a2200109Ia 4500
999 _c9416
_d9416
020 _a0-87901-499-7
100 _aMunem,M.A.
245 0 _aCollege Algebra
260 _aNew Jersey
_bPrentice Hall
_c2003
300 _a355
942 _cBK